书目信息 |
| 题名: |
黑夜狂旅
|
|
| 作者: | 莫尔斯 著 ;李士勋 译 | |
| 分册: | ||
| 出版信息: | 北京 人民文学出版社 2019 |
|
| 页数: | 209页 | |
| 开本: | 25cm | |
| 丛书名: | ||
| 单 册: | ||
| 中图分类: | I516.45 | |
| 科图分类: | ||
| 主题词: | 长篇小说--德国--现代 | |
| 电子资源: | ||
| ISBN: | 978-7-02-015205-6 | |
| 000 | 00984nam0 2200253 450 | |
| 001 | 2064217644 | |
| 005 | 20201106175024.97 | |
| 010 | @a978-7-02-015205-6@dCNY32.00 | |
| 100 | @a20200611d2019 em y0chiy50 ea | |
| 101 | 1 | @achi@cger |
| 102 | @aCN@b110000 | |
| 105 | @aa z 000ay | |
| 200 | 1 | @a黑夜狂旅@9hei ye kuang lu@f(德)瓦尔特·莫尔斯(Walter Moers)著@g李士勋译 |
| 205 | @a2版 | |
| 210 | @a北京@c人民文学出版社@d2019 | |
| 215 | @a209页@c图@d25cm | |
| 330 | @a天一黑,古斯塔夫九扬帆出海了。他特爱夜间旅行——因为他反正也不知道该往哪里航行,所以能见度好坏也就无关紧要了。只见漆黑的乌云笼罩着天空,偶尔有一颗星星在云缝间窥视一下,或者满脸疤痕的月亮忽然露一下脸,洒下一点微弱的光,刚好使他能看见手中的舵轮…… | |
| 606 | 0 | @a长篇小说@y德国@z现代 |
| 690 | @aI516.45@v5 | |
| 701 | 0 | @c(德)@a莫尔斯@9mo er si@c(Moers, Walter@f1957-)@4著 |
| 702 | 0 | @a李士勋@9li shi xun@4译 |
| 801 | 2 | @aCN@bA330300WZL@c20201005 |
| 801 | 0 | @aCN@bWT@c20201005 |
| 905 | @aZUCC@dI516.45@eM846 | |
| 黑夜狂旅/(德)瓦尔特·莫尔斯(Walter Moers)著/李士勋译.-2版.-北京:人民文学出版社,2019 |
| 209页:图;25cm |
| ISBN 978-7-02-015205-6:CNY32.00 |
| 天一黑,古斯塔夫九扬帆出海了。他特爱夜间旅行——因为他反正也不知道该往哪里航行,所以能见度好坏也就无关紧要了。只见漆黑的乌云笼罩着天空,偶尔有一颗星星在云缝间窥视一下,或者满脸疤痕的月亮忽然露一下脸,洒下一点微弱的光,刚好使他能看见手中的舵轮…… |
| ● |
| 相关链接 |
|
|
|
正题名:黑夜狂旅
索取号:I516.45/M846
 
预约/预借
| 序号 | 登录号 | 条形码 | 馆藏地/架位号 | 状态 | 备注 |
| 1 | 1483421 | 214834214 | 文学库116/116文学库 17排6列6层/ [索取号:I516.45/M846] | 在馆 | |
| 2 | 1483422 | 214834223 | 文学库116/116文学库 17排6列6层/ [索取号:I516.45/M846] | 在馆 |